Saltar ao contenido

Новое в порядке градостроительного проектирования Практическое пособие

В настоящем издании представлены результаты комплексного анализа новых положений федерального законодательства и Градостроиrельного кодекса города Москвы по градостроительному проектированию включая подготовку документов по терриrориальному планированию и составлению генеральных планов проектов терр...

Descrición completa

Gardado en:
Detalles Bibliográficos
Autor Principal: Гринев В.П
Formato: Практическое пособие
Edición:1
Acceso en liña:https://znanium.com/catalog/document?id=67987
https://znanium.com/cover/0349/349200.jpg
Метки: Engadir etiqueta
Sen Etiquetas, Sexa o primeiro en etiquetar este rexistro!
LEADER 03191nam0a2200301 i 4500
001 RU\infra-m\znanium\bibl\349200
003 https://znanium.com/catalog/document?id=67987
005 20190327000000.0
010 |a 978-5-9957-0133-0 
100 |a 20190327d2012 m y0rusy0150 ca 
101 0 |a rus 
102 |a RU 
200 1 |a Новое в порядке градостроительного проектирования  |e Практическое пособие  |f Национальный исследовательский университет "Высшая школа экономики" 
205 |a 1 
210 1 |a Москва  |c Издательство "Ось-89"  |d 2009 
215 |a 160 с. 
330 |a В настоящем издании представлены результаты комплексного анализа новых положений федерального законодательства и Градостроиrельного кодекса города Москвы по градостроительному проектированию включая подготовку документов по терриrориальному планированию и составлению генеральных планов проектов территориальных и отраслевых схем проектов правил землепользования и застройки а также документации по планировке территорий с учетом особенностей градостроительного проектирования в г. Москве. Для руководителей и сотрудников органов МСУ государственных гражданских служащих органов исполнительной власти руководителей и специалистов проектных и строительных организаций предпринимателей преподавателей студентов соискателей и аспирантов вузов и иных лиц в том числе специализирующихся в области информационного обеспечения градостроительной деятельности. 
333 |a ВО - Бакалавриат 
606 |a Право. Юридические науки  |x Земельное право  |2 local 
608 |a Практическое пособие  |2 local 
675 |a 3494  |z rus 
686 |a 67401  |2 rubbk 
686 |a 40.03.01  |2 okso 
686 |a 40.04.01  |2 okso 
700 1 |a Гринев  |b В.П.  |g Валерий Павлович  |p Национальный исследовательский университет "Высшая школа экономики" 
801 0 |a RU  |b Общество с ограниченной ответственностью «ЗНАНИУМ»  |c 20120313  |2 rusmarc 
856 4 |a znanium.com  |m ebs_support@infra-m.ru  |n НИЦ ИНФРА-М  |u https://znanium.com/catalog/document?id=67987 
856 4 1 |a znanium.com  |d /cover/0349  |f 349200.jpg  |q image/jpeg  |u https://znanium.com/cover/0349/349200.jpg